[Event "Israel ch 2008"]
[Site "Haifa ISR"]
[Date "2008.12.03"]
[Round "3.9"]
[White "Tarnopolsky, Anatoly"]
[Black "Mikhalevski, Victor"]
[Result "0-1"]
[WhiteElo "2301"]
[BlackElo "2602"]
[PlyCount "58"]
[EventDate "2008.11.??"]
[EventType "team-tourn"]
[EventRounds "9"]
[EventCountry "ISR"]
[Source "lmi"]
[SourceDate "2008.11.30"]

1. d4 Nf6 2. c4 g6 3. Nc3 d5 4. cxd5 Nxd5 5. e4 Nxc3 6. bxc3 Bg7 7. Nf3 c5 8.
Rb1 O-O 9. Be2 Nc6 10. d5 Bxc3+ 11. Bd2 Bxd2+ 12. Qxd2 Na5 13. h4 Bg4 14. Ng5
Bxe2 15. Kxe2 h6 16. Nh3 Kh7 17. Qc3 e5 18. f4 exf4 19. Rhf1 Re8 20. Rxf4 Qxd5
21. Nf2 Nc6 22. Kf3 Qxa2 23. Ra1 Qe6 24. Ng4 Re7 25. Nf6+ Kh8 26. Nd5+ Qe5 27.
Qxe5+ Rxe5 28. Rxf7 Rxe4 29. Re7 Rd8 0-1

[Event "Israel ch 2008"]
[Site "Haifa ISR"]
[Date "2008.12.03"]
[Round "3.10"]
[White "Greenfeld, Alon"]
[Black "Porat, Maya"]
[Result "1-0"]
[WhiteElo "2560"]
[BlackElo "2167"]
[PlyCount "87"]
[EventDate "2008.11.??"]
[EventType "team-tourn"]
[EventRounds "9"]
[EventCountry "ISR"]
[Source "lmi"]
[SourceDate "2008.11.30"]

1. Nf3 Nf6 2. c4 g6 3. Nc3 c5 4. d4 cxd4 5. Nxd4 d6 6. g3 Nc6 7. Nc2 Bg7 8. Bg2
O-O 9. O-O Nd7 10. Bd2 a5 11. Qc1 Nb6 12. b3 a4 13. Rb1 Bf5 14. e4 Be6 15. Ne2
Qc8 16. Bh6 axb3 17. axb3 Bh3 18. Bxg7 Kxg7 19. Bxh3 Qxh3 20. Nf4 Qg4 21. Kg2
e5 22. Ne3 Qd7 23. Ne2 Qe7 24. Qd2 f5 25. exf5 gxf5 26. f3 h5 27. Rbd1 Rad8 28.
Kh1 Kh7 29. Qc2 e4 30. fxe4 Qxe4+ 31. Qxe4 fxe4 32. Rxf8 Rxf8 33. Nf4 Rf6 34.
h4 Kh6 35. Rxd6 Rxd6 36. Nf5+ Kh7 37. Nxd6 Na5 38. c5 Nd7 39. Nxb7 Nxb3 40. c6
Nb6 41. Nd6 e3 42. c7 Nd4 43. Kg2 e2 44. Kf2 1-0

[Event "Israel ch 2008"]
[Site "Haifa ISR"]
[Date "2008.12.03"]
[Round "3.11"]
[White "Nabati, Tamir"]
[Black "Baron, Tal"]
[Result "1-0"]
[WhiteElo "2456"]
[BlackElo "2299"]
[PlyCount "53"]
[EventDate "2008.11.??"]
[EventType "team-tourn"]
[EventRounds "9"]
[EventCountry "ISR"]
[Source "lmi"]
[SourceDate "2008.11.30"]

1. Nf3 Nf6 2. c4 g6 3. Nc3 d5 4. cxd5 Nxd5 5. Qa4+ Bd7 6. Qh4 Nxc3 7. bxc3 Nc6
8. d4 e6 9. Qxd8+ Rxd8 10. e4 Na5 11. Bf4 Bd6 12. Bd2 b5 13. Bd3 c5 14. Ke2 O-O
15. h4 Bc6 16. h5 Nc4 17. hxg6 fxg6 18. Bxc4 bxc4 19. Ng5 cxd4 20. cxd4 c3 21.
Bxc3 Bb5+ 22. Ke1 e5 23. Rb1 Bc4 24. Rxh7 Rb8 25. Rxb8 Rxb8 26. dxe5 Bf8 27. e6
1-0

[Event "Israel ch 2008"]
[Site "Haifa ISR"]
[Date "2008.12.03"]
[Round "3.12"]
[White "Kataev, Simcho"]
[Black "Tseitlin, Mark D"]
[Result "0-1"]
[WhiteElo "2315"]
[BlackElo "2437"]
[PlyCount "64"]
[EventDate "2008.11.??"]
[EventType "team-tourn"]
[EventRounds "9"]
[EventCountry "ISR"]
[Source "lmi"]
[SourceDate "2008.11.30"]

1. b3 e5 2. Bb2 Nc6 3. e3 Nf6 4. c4 Bc5 5. Nf3 e4 6. d4 Bb4+ 7. Nfd2 d5 8. Nc3
O-O 9. a3 Bxc3 10. Bxc3 Re8 11. Qc2 Ne7 12. Bb2 c6 13. h3 Nf5 14. O-O-O a5 15.
Kb1 Be6 16. g4 Nh4 17. c5 h6 18. Be2 Nh7 19. f4 exf3 20. Nxf3 Nxf3 21. Bxf3 Qh4
22. e4 dxe4 23. Bxe4 Nf6 24. Bd3 Bd5 25. Rhg1 Ne4 26. Rgf1 Qxh3 27. Rf4 Ng5 28.
a4 Re3 29. Ka2 Rae8 30. Bc4 Ne6 31. Rff1 Nc7 32. Rg1 Na6 0-1

[Event "Israel ch 2008"]
[Site "Haifa ISR"]
[Date "2008.12.03"]
[Round "3.13"]
[White "Gukhvat, Peter"]
[Black "Vydeslaver, Alik"]
[Result "0-1"]
[WhiteElo "2196"]
[BlackElo "2399"]
[PlyCount "64"]
[EventDate "2008.11.??"]
[EventType "team-tourn"]
[EventRounds "9"]
[EventCountry "ISR"]
[Source "lmi"]
[SourceDate "2008.11.30"]

1. Nf3 d5 2. d4 c6 3. e3 Bf5 4. Nbd2 e6 5. b3 Nd7 6. Bb2 h6 7. Be2 Ngf6 8. O-O
Be7 9. Ne5 Nxe5 10. dxe5 Nd7 11. Bd3 Bxd3 12. cxd3 Qa5 13. Qc2 O-O 14. a3 Rac8
15. Rac1 Bxa3 16. Bxa3 Qxa3 17. Ra1 Qb4 18. Rxa7 Nxe5 19. Rfa1 c5 20. h3 Nc6
21. R7a4 Qb5 22. Rg4 Nb4 23. Qb2 f6 24. d4 cxd4 25. Ra4 Nd3 26. Qxd4 Ne5 27.
Rb4 Qe2 28. Nf3 Rc1+ 29. Kh2 Nxf3+ 30. gxf3 Qxf3 31. Rg2 Rfc8 32. Rxb7 Rh1+ 0-1

[Event "Israel ch 2008"]
[Site "Haifa ISR"]
[Date "2008.12.03"]
[Round "3.14"]
[White "Aharon, Ofir"]
[Black "Prozhanski, Genrik"]
[Result "0-1"]
[WhiteElo "2118"]
[BlackElo "2316"]
[PlyCount "84"]
[EventDate "2008.11.??"]
[EventType "team-tourn"]
[EventRounds "9"]
[EventCountry "ISR"]
[Source "lmi"]
[SourceDate "2008.11.30"]

1. e4 c5 2. Nf3 Nc6 3. d4 cxd4 4. Nxd4 Nf6 5. Nc3 d6 6. Bg5 e6 7. Qd2 Be7 8.
O-O-O Qb6 9. Bxf6 Bxf6 10. Nxc6 bxc6 11. Qxd6 Rb8 12. Na4 Bxb2+ 13. Kb1 Ba3+
14. Nxb6 Rxb6+ 15. Ka1 Bb2+ 16. Kb1 Ba3+ 17. Ka1 Bxd6 18. Rxd6 Ke7 19. Rd3 Rd8
20. Rxd8 Kxd8 21. Bc4 Rb4 22. Bd3 Kc7 23. c3 Rb6 24. e5 h6 25. Re1 Ba6 26. Bxa6
Rxa6 27. Re4 Kd7 28. Rf4 Ke7 29. Rb4 g5 30. Kb2 Ra5 31. Rb7+ Kf8 32. Kb3 Rxe5
33. Rxa7 Rb5+ 34. Kc2 Rf5 35. f3 g4 36. fxg4 Rf2+ 37. Kb3 Rxg2 38. Rc7 Rxg4 39.
a4 Rg1 40. Rxc6 Ke7 41. a5 f5 42. Rc5 Kd6 0-1

[Event "Israel ch 2008"]
[Site "Haifa ISR"]
[Date "2008.12.03"]
[Round "3.16"]
[White "Vovinkina, Natalia"]
[Black "Igla, Bella"]
[Result "0-1"]
[WhiteElo "2147"]
[BlackElo "2254"]
[PlyCount "100"]
[EventDate "2008.11.??"]
[EventType "team-tourn"]
[EventRounds "9"]
[EventCountry "ISR"]
[Source "lmi"]
[SourceDate "2008.11.30"]

1. Nf3 g6 2. g3 Bg7 3. Bg2 e5 4. d3 d6 5. c4 Nc6 6. Nc3 Nf6 7. O-O O-O 8. Rb1
a5 9. a3 h6 10. Nd2 Be6 11. Nd5 Bxd5 12. cxd5 Ne7 13. Qb3 Qc8 14. a4 Nd7 15.
Nc4 Nc5 16. Qc2 Nf5 17. e3 Qd7 18. Bd2 b6 19. b3 h5 20. Na3 h4 21. Nb5 Ne7 22.
d4 Na6 23. Rfc1 exd4 24. exd4 hxg3 25. hxg3 Rac8 26. Qe4 Nb8 27. Bf4 Na6 28.
Bd2 Nb8 29. Bg5 Rfe8 30. Na7 Nf5 31. Qd3 Nxd4 32. Rc4 c5 33. Nxc8 Qxc8 34. Kh2
Qg4 35. Be3 Nd7 36. Qd1 Qxd1 37. Rxd1 Nxb3 38. Re4 Rxe4 39. Bxe4 c4 40. Rb1 Nd4
41. Rd1 Ne2 42. Re1 Nc3 43. Bf4 Ne5 44. Bxe5 Bxe5 45. f4 Bd4 46. Bc2 Bc5 47.
Kh3 Nxd5 48. Re4 Ne3 49. Bb1 c3 50. Rxe3 Bxe3 0-1

[Event "Israel ch 2008"]
[Site "Haifa ISR"]
[Date "2008.12.03"]
[Round "3.17"]
[White "Vasiliev, Olga"]
[Black "Efroimski, Marsel"]
[Result "1-0"]
[WhiteElo "2235"]
[BlackElo "2052"]
[PlyCount "61"]
[EventDate "2008.11.??"]
[EventType "team-tourn"]
[EventRounds "9"]
[EventCountry "ISR"]
[Source "lmi"]
[SourceDate "2008.11.30"]

1. e4 c5 2. Nf3 d6 3. d4 cxd4 4. Nxd4 Nf6 5. Nc3 Nc6 6. f4 e5 7. Nf3 Be7 8. Bd3
Qb6 9. f5 g6 10. Qe2 a6 11. Bd2 gxf5 12. exf5 Nd4 13. Nxd4 Qxd4 14. O-O-O Bd7
15. h3 h5 16. g4 Bc6 17. Rhe1 hxg4 18. Be3 Qb4 19. a3 Qa5 20. hxg4 Nh7 21. Qf2
Qd8 22. Be4 Ng5 23. Bxc6+ bxc6 24. Kb1 Rb8 25. f6 Bxf6 26. Rf1 Nh7 27. Ne4 Be7
28. Nxd6+ Qxd6 29. Rxd6 Bxd6 30. Qxf7+ Kd8 31. Rd1 1-0

[Event "Israel ch 2008"]
[Site "Haifa ISR"]
[Date "2008.12.03"]
[Round "3.18"]
[White "Popilsky, Gil"]
[Black "Zak, Uri"]
[Result "1-0"]
[WhiteElo "2394"]
[BlackElo "2205"]
[PlyCount "69"]
[EventDate "2008.11.??"]
[EventType "team-tourn"]
[EventRounds "9"]
[EventCountry "ISR"]
[Source "lmi"]
[SourceDate "2008.11.30"]

1. c4 e5 2. g3 Nf6 3. Bg2 d5 4. cxd5 Nxd5 5. Nc3 Nf6 6. Nf3 Nc6 7. O-O Be7 8.
a3 Be6 9. b4 a5 10. b5 Nd4 11. Rb1 Nxf3+ 12. Bxf3 Qc8 13. Na4 O-O 14. Qc2 Rd8
15. d3 Bd5 16. Bxd5 Nxd5 17. Bb2 Qg4 18. e4 Nf4 19. Bxe5 Nxd3 20. Bxc7 Qf3 21.
Rb3 Qxe4 22. Bxd8 Rxd8 23. Rd1 Nxf2 24. Rxd8+ Bxd8 25. Qxe4 Nxe4 26. Rd3 Be7
27. Rd7 Bxa3 28. Rxb7 Kf8 29. b6 Nc5 30. Nxc5 Bxc5+ 31. Kh1 a4 32. Rb8+ Ke7 33.
b7 Bd6 34. Ra8 a3 35. Rxa3 1-0

[Event "Israel ch 2008"]
[Site "Haifa ISR"]
[Date "2008.12.07"]
[Round "4.2"]
[White "Postny, Evgeny"]
[Black "Gershkowich, David"]
[Result "1-0"]
[WhiteElo "2674"]
[BlackElo "2341"]
[PlyCount "83"]
[EventDate "2008.11.??"]
[EventType "team-tourn"]
[EventRounds "9"]
[EventCountry "ISR"]
[Source "lmi"]
[SourceDate "2008.11.30"]

1. d4 d5 2. c4 e6 3. Nf3 Nf6 4. g3 c6 5. Nbd2 c5 6. Bg2 cxd4 7. Nxd4 e5 8. N4b3
d4 9. O-O Nc6 10. Nf3 a5 11. Bg5 Be7 12. e3 a4 13. Nc1 a3 14. bxa3 O-O 15. exd4
e4 16. Ne1 Nxd4 17. Nc2 Nxc2 18. Qxc2 Rxa3 19. Nb3 Be6 20. Rad1 Qa8 21. Bxf6
Bxf6 22. Qxe4 Rxa2 23. Nc5 Bc8 24. Nxb7 Qa7 25. Nd6 Be6 26. Qf4 h6 27. Bd5 Re2
28. Qf3 Bxd5 29. Qxe2 Ba8 30. Qe3 Qa4 31. Ne4 Be7 32. Nc3 Qc6 33. Nd5 Bc5 34.
Rfe1 Kh8 35. Qf4 Rc8 36. Re4 f5 37. Re2 Bb7 38. Rde1 Ba8 39. Re6 Qa4 40. Qe5
Qc2 41. Rxh6+ Kg8 42. Qe6+ 1-0

[Event "Israel ch 2008"]
[Site "Haifa ISR"]
[Date "2008.12.07"]
[Round "4.3"]
[White "Golod, Vitali"]
[Black "Avrukh, Boris"]
[Result "1/2-1/2"]
[WhiteElo "2584"]
[BlackElo "2657"]
[PlyCount "145"]
[EventDate "2008.11.??"]
[EventType "team-tourn"]
[EventRounds "9"]
[EventCountry "ISR"]
[Source "lmi"]
[SourceDate "2008.11.30"]

1. d4 Nf6 2. c4 g6 3. Nc3 d5 4. Nf3 Bg7 5. e3 O-O 6. cxd5 Nxd5 7. Bc4 Nb6 8.
Bb3 c5 9. O-O cxd4 10. exd4 Bg4 11. d5 N8d7 12. h3 Bxf3 13. Qxf3 Rc8 14. Bg5 h6
15. Bf4 Nc4 16. Bxc4 Rxc4 17. d6 e6 18. Be3 Qc8 19. Rac1 Rd8 20. Nb5 Ne5 21.
Qe2 Qc6 22. b3 Rxc1 23. Rxc1 Qe4 24. f3 Qf5 25. Rd1 a6 26. Nc3 Nd7 27. Ne4 Qa5
28. Qc2 Rf8 29. a4 Qb4 30. Qc4 Qxc4 31. bxc4 b6 32. c5 f5 33. c6 fxe4 34. cxd7
Rd8 35. Bxb6 Rxd7 36. fxe4 Bc3 37. Bc7 Kf7 38. Rc1 Bd4+ 39. Kf1 e5 40. Rc6 Ke6
41. Rxa6 Rf7+ 42. Ke2 Rf2+ 43. Kd3 Rxg2 44. Ra8 Kd7 45. Rg8 Kc6 46. Bb8 Rg3+
47. Kd2 Rg2+ 48. Kd1 Bb6 49. Rg7 Ba5 50. d7 Rd2+ 51. Kc1 Rxd7 52. Rxg6+ Kc5 53.
Bxe5 Kc4 54. Rd6 Rf7 55. Kd1 Rf2 56. Rd5 Bb4 57. Bd6 Bc3 58. a5 Ra2 59. Bc7 Bd4
60. Bb6 Bc3 61. h4 h5 62. Rd7 Bxa5 63. Bxa5 Rxa5 64. Ke2 Ra3 65. Rd5 Rh3 66.
Kf2 Rxh4 67. Kf3 Rh1 68. Rd2 Rf1+ 69. Kg3 h4+ 70. Kg4 h3 71. e5 h2 72. Rxh2 Kd5
73. Re2 1/2-1/2

[Event "Israel ch 2008"]
[Site "Haifa ISR"]
[Date "2008.12.04"]
[Round "4.7"]
[White "Tseitlin, Mark D"]
[Black "Greenfeld, Alon"]
[Result "0-1"]
[WhiteElo "2437"]
[BlackElo "2560"]
[PlyCount "86"]
[EventDate "2008.11.??"]
[EventType "team-tourn"]
[EventRounds "9"]
[EventCountry "ISR"]
[Source "lmi"]
[SourceDate "2008.11.30"]

1. e4 e5 2. Nf3 Nc6 3. Bb5 a6 4. Ba4 Nf6 5. O-O Be7 6. Re1 b5 7. Bb3 O-O 8. a4
b4 9. d4 d6 10. dxe5 dxe5 11. Qxd8 Rxd8 12. Nbd2 Bc5 13. h3 Bb7 14. Nc4 Nd4 15.
Nxd4 Bxd4 16. Na5 Bxe4 17. Bg5 Bd5 18. Bxf6 gxf6 19. Bxd5 Rxd5 20. Nc6 Rc5 21.
Nxb4 Bxb2 22. Nd3 Bxa1 23. Nxc5 Bd4 24. Ne4 Kg7 25. c3 Bb6 26. g4 Rd8 27. c4
Rd4 28. c5 Ba5 29. Re2 Rxa4 30. Ng3 Bc3 31. Nf5+ Kf8 32. Re3 Rc4 33. Rd3 Bd4
34. Rb3 Ke8 35. Rb8+ Kd7 36. Rf8 Bxc5 37. Rxf7+ Ke6 38. Rxh7 a5 39. Ng7+ Kd5
40. Ne8 a4 41. Nxf6+ Ke6 42. Rh6 Bf8 43. Rg6 Kf7 0-1

[Event "Israel ch 2008"]
[Site "Haifa ISR"]
[Date "2008.12.04"]
[Round "4.15"]
[White "Porat, Maya"]
[Black "Tarnopolsky, Anatoly"]
[Result "0-1"]
[WhiteElo "2301"]
[BlackElo "2167"]
[PlyCount "119"]
[EventDate "2008.11.??"]
[EventType "team-tourn"]
[EventRounds "9"]
[EventCountry "ISR"]
[Source "lmi"]
[SourceDate "2008.11.30"]

1. d4 d6 2. c4 g6 3. e4 Bg7 4. Nf3 Nd7 5. Be2 e5 6. Nc3 c6 7. O-O Nh6 8. d5 c5
9. Bd2 f6 10. a3 Nf7 11. Qc2 O-O 12. b4 Bh6 13. Ne1 Bxd2 14. Qxd2 f5 15. f4
cxb4 16. axb4 Qb6+ 17. Kh1 Qxb4 18. exf5 gxf5 19. Nd3 Qb6 20. fxe5 Ndxe5 21.
Nf4 Qd8 22. Nb5 Ng5 23. Qe3 Ne4 24. Rxa7 Rxa7 25. Qxa7 Ng4 26. Bxg4 fxg4 27.
Qe3 Nc5 28. Re1 Qf6 29. g3 Bd7 30. Qd4 Bxb5 31. Qxf6 Rxf6 32. cxb5 Kf8 33. Kg2
Rf5 34. Ra1 Re5 35. Ra8+ Re8 36. Ra3 Ke7 37. h3 gxh3+ 38. Kxh3 Kd7 39. b6 Ke7
40. Re3+ Kf7 41. Rf3 Ke7 42. Re3+ Kd7 43. Ra3 Rg8 44. Kh4 Ke7 45. Re3+ Kf6 46.
g4 Ra8 47. Nh5+ Kf7 48. Kg5 Rg8+ 49. Kf4 Nd7 50. Re6 Rg6 51. Kf5 Nxb6 52. Nf6
Nxd5 53. Nxh7 Rxe6 54. Ng5+ Ke7 55. Nxe6 Ne3+ 56. Ke4 Kxe6 57. Kxe3 Ke5 58. g5
Kf5 59. Kd4 Kxg5 60. Kd5 0-1

[Event "Israel ch 2008"]
[Site "Haifa ISR"]
[Date "2008.12.04"]
[Round "4.16"]
[White "Baron, Tal"]
[Black "Aharon, Ofir"]
[Result "1-0"]
[WhiteElo "2299"]
[BlackElo "2118"]
[PlyCount "77"]
[EventDate "2008.11.??"]
[EventType "team-tourn"]
[EventRounds "9"]
[EventCountry "ISR"]
[Source "lmi"]
[SourceDate "2008.11.30"]

1. e4 d6 2. d4 Nf6 3. Nc3 Nbd7 4. Nf3 e5 5. g4 g6 6. g5 Nh5 7. Be3 Bg7 8. Qd2
O-O 9. O-O-O f5 10. gxf6 Qxf6 11. Be2 c6 12. d5 Nf4 13. Bxf4 Qxf4 14. dxc6 Nc5
15. Qxf4 exf4 16. Bc4+ Kh8 17. Ng5 bxc6 18. Rxd6 Nb7 19. Rxc6 Na5 20. Rc7 Nxc4
21. Rxc4 h6 22. Nf3 Bg4 23. Nh4 Kh7 24. Rg1 Bh5 25. Nd5 Be5 26. Rc6 Rfc8 27.
Nf6+ Bxf6 28. Rxf6 Rf8 29. Ra6 g5 30. Nf5 Bg6 31. Rd1 Rf7 32. Rdd6 Rg8 33. Re6
Bxf5 34. Rxh6+ Kg7 35. exf5 Rxf5 36. Rhg6+ Kf7 37. Rxg8 Kxg8 38. Rxa7 g4 39.
Kd2 1-0

[Event "Israel ch 2008"]
[Site "Haifa ISR"]
[Date "2008.12.04"]
[Round "4.17"]
[White "Kaplivatski, Alexander"]
[Black "Gukhvat, Peter"]
[Result "1-0"]
[WhiteElo "2286"]
[BlackElo "2196"]
[PlyCount "111"]
[EventDate "2008.11.??"]
[EventType "team-tourn"]
[EventRounds "9"]
[EventCountry "ISR"]
[Source "lmi"]
[SourceDate "2008.11.30"]

1. e4 c5 2. Nf3 Nc6 3. Bb5 g6 4. O-O Nd4 5. Nxd4 cxd4 6. d3 Bg7 7. Nd2 Nf6 8.
f4 a6 9. Ba4 O-O 10. Bb3 d6 11. h3 Nd7 12. Nf3 Nc5 13. Bc4 e6 14. a3 Kh8 15.
Qe1 Qc7 16. f5 exf5 17. exf5 d5 18. Bxd5 Qd8 19. Bc4 Bxf5 20. Ng5 Ne6 21. Qg3
Nxg5 22. Bxg5 Qb6 23. b4 Be6 24. Bf6 Bxf6 25. Rxf6 Rae8 26. Qe5 Kg8 27. Re1 Re7
28. Bxe6 Rxe6 29. Rxe6 fxe6 30. Qxe6+ Qxe6 31. Rxe6 Rc8 32. Rd6 Rxc2 33. Rxd4
Ra2 34. Rd8+ Kg7 35. Rd7+ Kh6 36. Rxb7 Rxa3 37. Rd7 Rb3 38. Rd4 Rb2 39. Kh2 Kg5
40. Kg3 Kf5 41. Kf3 Ke5 42. Re4+ Kd5 43. g4 Rd2 44. Re3 Kd4 45. Re4+ Kd5 46.
Ke3 Rh2 47. Rd4+ Ke5 48. Re4+ Kd5 49. Kf4 Rxh3 50. Re5+ Kd4 51. Ra5 Rxd3 52.
Rxa6 Kc4 53. Ra7 h5 54. g5 Rd6 55. Rg7 Kd4 56. Rf7 1-0

[Event "Israel ch 2008"]
[Site "Haifa ISR"]
[Date "2008.12.04"]
[Round "4.19"]
[White "Porat, Ido"]
[Black "Miller, Evgeny"]
[Result "1/2-1/2"]
[WhiteElo "2363"]
[BlackElo "2291"]
[PlyCount "118"]
[EventDate "2008.11.??"]
[EventType "team-tourn"]
[EventRounds "9"]
[EventCountry "ISR"]
[Source "lmi"]
[SourceDate "2008.11.30"]

1. d4 d5 2. c4 e6 3. Nf3 Nf6 4. g3 dxc4 5. Bg2 Bb4+ 6. Bd2 Nc6 7. Bxb4 Nxb4 8.
Qa4+ Nc6 9. Qxc4 Qd5 10. Nbd2 Ne4 11. Qd3 Nxd2 12. Qxd2 O-O 13. O-O Rd8 14. Qc2
Qa5 15. Rfd1 Bd7 16. Rac1 Be8 17. h4 h6 18. a3 Rac8 19. e3 Qb6 20. Nd2 Ne7 21.
Nc4 Qa6 22. Ne5 Nd5 23. Nd3 Qa4 24. Qb1 b6 25. Qa2 Bb5 26. Bf1 Bxd3 27. Rxd3 c5
28. dxc5 bxc5 29. Qc4 Qa5 30. Bg2 Nf6 31. Rxd8+ Rxd8 32. Bf3 Qb6 33. Rc2 Nd7
34. Qc3 Rb8 35. Rd2 Nf6 36. Qd3 Qc7 37. Rc2 Qe5 38. Qd2 Qf5 39. Kg2 Qe5 40. Qc1
Nd7 41. Bc6 Nf6 42. Rxc5 Qxb2 43. Qxb2 Rxb2 44. Bf3 Rd2 45. Rc8+ Kh7 46. Rc7
Rd7 47. Rxd7 Nxd7 48. Be2 Kg6 49. Kf3 Nc5 50. e4 e5 51. Ke3 Kf6 52. f4 Nd7 53.
Bc4 Ke7 54. Bb5 f6 55. Bxd7 Kxd7 56. fxe5 fxe5 57. Kd3 h5 58. Kc4 Kc6 59. Kb4
Kb6 1/2-1/2

[Event "Israel ch 2008"]
[Site "Haifa ISR"]
[Date "2008.12.04"]
[Round "4.20"]
[White "Zak, Uri"]
[Black "Atnilov, Bella"]
[Result "1-0"]
[WhiteElo "2205"]
[BlackElo "2119"]
[PlyCount "117"]
[EventDate "2008.11.??"]
[EventType "team-tourn"]
[EventRounds "9"]
[EventCountry "ISR"]
[Source "lmi"]
[SourceDate "2008.11.30"]

1. e4 e6 2. d4 d5 3. Nc3 dxe4 4. Nxe4 Nd7 5. Nf3 Ngf6 6. Nxf6+ Nxf6 7. c3 c5 8.
Ne5 a6 9. Be3 Qc7 10. Qa4+ Nd7 11. Bb5 cxd4 12. Bxd7+ Bxd7 13. Qxd4 f6 14. Nxd7
Qxd7 15. Qxd7+ Kxd7 16. O-O-O+ Kc7 17. Rd4 Rd8 18. Rxd8 Kxd8 19. Bb6+ Kd7 20.
a4 Kc6 21. a5 Bd6 22. Re1 e5 23. Kc2 h5 24. b4 Bc7 25. Bxc7 Kxc7 26. f4 Kd6 27.
Rd1+ Kc6 28. fxe5 fxe5 29. Rf1 Rh6 30. Rf5 Rg6 31. g3 h4 32. gxh4 Rg2+ 33. Kd3
Rxh2 34. h5 Rh3+ 35. Kc4 Rh4+ 36. Kd3 Rh3+ 37. Kc4 Rh4+ 38. Kb3 e4 39. Kc4 b6
40. axb6 Kxb6 41. Rg5 e3+ 42. Kd3 Rh3 43. c4 Rh4 44. Rg6+ Kb7 45. Rxg7+ Kc6 46.
Rg6+ Kb7 47. Rg7+ Kc6 48. Rg6+ Kb7 49. Re6 Rxh5 50. Kxe3 a5 51. b5 a4 52. Ra6
a3 53. Kd4 Rh3 54. Kc5 Rb3 55. Ra4 Kc7 56. Ra7+ Kb8 57. b6 Kc8 58. Kc6 Kb8 59.
Rh7 1-0

[Event "Israel ch 2008"]
[Site "Haifa ISR"]
[Date "2008.12.07"]
[Round "5.2"]
[White "Greenfeld, Alon"]
[Black "Roiz, Michael"]
[Result "1/2-1/2"]
[WhiteElo "2560"]
[BlackElo "2677"]
[PlyCount "27"]
[EventDate "2008.11.??"]
[EventType "team-tourn"]
[EventRounds "9"]
[EventCountry "ISR"]
[Source "lmi"]
[SourceDate "2008.11.30"]

1. d4 e6 2. Nf3 Nf6 3. c4 d5 4. Nc3 Bb4 5. Bg5 h6 6. Bxf6 Qxf6 7. e3 O-O 8. Rc1
dxc4 9. Bxc4 c5 10. O-O cxd4 11. Nxd4 Bd7 12. Qb3 Nc6 13. Nxc6 Bxc3 14. Qxc3
1/2-1/2

[Event "Israel ch 2008"]
[Site "Haifa ISR"]
[Date "2008.12.07"]
[Round "5.3"]
[White "Avrukh, Boris"]
[Black "Gofshtein, Leonid D"]
[Result "1-0"]
[WhiteElo "2657"]
[BlackElo "2546"]
[PlyCount "87"]
[EventDate "2008.11.??"]
[EventType "team-tourn"]
[EventRounds "9"]
[EventCountry "ISR"]
[Source "lmi"]
[SourceDate "2008.11.30"]

1. d4 d5 2. c4 c6 3. Nf3 Nf6 4. Nc3 a6 5. a4 e6 6. Bg5 Be7 7. e3 a5 8. Be2 O-O
9. O-O Nbd7 10. Rc1 b6 11. cxd5 exd5 12. Qb3 Bb7 13. Rfd1 Ne8 14. Bxe7 Qxe7 15.
Ne5 Nxe5 16. dxe5 Qb4 17. Qc2 Rb8 18. Bd3 g6 19. e4 Qe7 20. exd5 cxd5 21. f4
Nc7 22. Qf2 Ne6 23. Bb1 Rfd8 24. Nb5 Nc5 25. Ba2 Nxa4 26. Rc7 Rd7 27. Rxd7 Qxd7
28. Nd6 Nc5 29. f5 Ba8 30. Rf1 Rf8 31. Bb1 d4 32. fxg6 hxg6 33. Bxg6 Qg4 34.
Bxf7+ Kh7 35. h3 Qg5 36. h4 Qg7 37. Qf5+ Kh8 38. Qh5+ Qh7 39. Qxh7+ Kxh7 40. e6
Bc6 41. e7 Rb8 42. e8=Q Bxe8 43. Nxe8 d3 44. Rf5 1-0

[Event "Israel ch 2008"]
[Site "Haifa ISR"]
[Date "2008.12.07"]
[Round "5.5"]
[White "Mikhalevski, Victor"]
[Black "Golod, Vitali"]
[Result "1/2-1/2"]
[WhiteElo "2602"]
[BlackElo "2584"]
[PlyCount "56"]
[EventDate "2008.11.??"]
[EventType "team-tourn"]
[EventRounds "9"]
[EventCountry "ISR"]
[Source "lmi"]
[SourceDate "2008.11.30"]

1. d4 e6 2. c4 d5 3. Nf3 Nf6 4. g3 dxc4 5. Bg2 c5 6. O-O Nc6 7. dxc5 Bxc5 8.
Qxd8+ Kxd8 9. Nbd2 Ke7 10. Nxc4 Nd5 11. Bd2 Rd8 12. Rac1 Bb4 13. Bxb4+ Ndxb4
14. a3 Nd5 15. b4 Nb6 16. Ncd2 Bd7 17. Nb3 Rac8 18. Rfd1 Be8 19. Rxd8 Nxd8 20.
Rxc8 Nxc8 21. Nfd2 Nd6 22. Kf1 b6 23. f4 f6 24. Nd4 e5 25. fxe5 fxe5 26. Nc2
Bc6 27. Bxc6 Nxc6 28. e4 Nb5 1/2-1/2

[Event "Israel ch 2008"]
[Site "Haifa ISR"]
[Date "2008.12.07"]
[Round "5.6"]
[White "Lerner, Konstantin Z"]
[Black "Kantsler, Boris"]
[Result "0-1"]
[WhiteElo "2542"]
[BlackElo "2491"]
[PlyCount "93"]
[EventDate "2008.11.??"]
[EventType "team-tourn"]
[EventRounds "9"]
[EventCountry "ISR"]
[Source "lmi"]
[SourceDate "2008.11.30"]

1. d4 d6 2. e4 Nf6 3. Nc3 g6 4. Be3 Bg7 5. Qd2 c6 6. Nf3 Nbd7 7. Bh6 Bxh6 8.
Qxh6 Qa5 9. Bd3 Qh5 10. Qd2 O-O 11. Ne2 e5 12. Ng3 Qg4 13. O-O Re8 14. Rfe1 Kg7
15. h3 Qf4 16. Re3 exd4 17. Nxd4 Nc5 18. Qc3 Qe5 19. Rf1 Na4 20. Qb4 Nb6 21.
Nf3 Qe7 22. Qd2 Bd7 23. b3 Rad8 24. Qa5 Ra8 25. Rfe1 Kg8 26. Qg5 Kh8 27. R3e2
Ng8 28. Qa5 f6 29. c4 Nh6 30. Qd2 Nf7 31. Nd4 Qe5 32. Nf3 Qe7 33. Bb1 Kg7 34.
Rd1 a5 35. Qc3 Kg8 36. Red2 Red8 37. Qe3 c5 38. Nh2 a4 39. f4 axb3 40. axb3 Ra3
41. Rd3 Rda8 42. Qd2 Ra1 43. Nf3 Be6 44. Re3 Nd7 45. Ne1 Nf8 46. Nc2 R1a7 47.
Ree1 0-1

[Event "Israel ch 2008"]
[Site "Haifa ISR"]
[Date "2008.12.07"]
[Round "5.7"]
[White "Bykhovsky, Anatoly"]
[Black "Vydeslaver, Alik"]
[Result "0-1"]
[WhiteElo "2447"]
[BlackElo "2399"]
[PlyCount "46"]
[EventDate "2008.11.??"]
[EventType "team-tourn"]
[EventRounds "9"]
[EventCountry "ISR"]
[Source "lmi"]
[SourceDate "2008.11.30"]

1. d4 d5 2. c4 e6 3. Nf3 c6 4. Qc2 Nf6 5. e3 Bd6 6. Nc3 O-O 7. b3 Nbd7 8. Be2
e5 9. cxd5 cxd5 10. dxe5 Nxe5 11. Nb5 Nxf3+ 12. gxf3 Bc5 13. Bb2 Bd7 14. Nd4
Rc8 15. Bd3 Qe7 16. O-O Bh3 17. Rfd1 Nd7 18. Kh1 Qf6 19. Rd2 Rc7 20. Rg1 Rfc8
21. Qb1 g6 22. Qd1 a6 23. f4 Be6 0-1

[Event "Israel ch 2008"]
[Site "Haifa ISR"]
[Date "2008.12.07"]
[Round "5.8"]
[White "Gershkowich, David"]
[Black "Caspi, Israel"]
[Result "1-0"]
[WhiteElo "2341"]
[BlackElo "2408"]
[PlyCount "129"]
[EventDate "2008.11.??"]
[EventType "team-tourn"]
[EventRounds "9"]
[EventCountry "ISR"]
[Source "lmi"]
[SourceDate "2008.11.30"]

1. e4 c5 2. Nf3 e6 3. c3 Nf6 4. e5 Nd5 5. d4 cxd4 6. cxd4 b6 7. Nc3 Nxc3 8.
bxc3 Qc7 9. Bd2 Bb7 10. Bd3 d6 11. O-O Nd7 12. Re1 dxe5 13. Nxe5 Nxe5 14. Rxe5
Bd6 15. Rh5 g6 16. Bb5+ Kf8 17. Bh6+ Kg8 18. Qd2 f6 19. Qe2 Kf7 20. Re1 Qc8 21.
Rh3 a6 22. Bd3 Qd7 23. Re3 Rhe8 24. Qg4 f5 25. Qh4 Qc6 26. Bf1 b5 27. Bf4 Bxf4
28. d5 Qxd5 29. Rd3 Qc6 30. Rd7+ Qxd7 31. Qxh7+ Kf6 32. Qxd7 Bd5 33. Rd1 Red8
34. Rxd5 exd5 35. Qc6+ Kg7 36. h4 Be5 37. h5 gxh5 38. Bd3 Rac8 39. Qe6 Bf6 40.
Qxf5 Rc6 41. Qxh5 Kf8 42. g4 Bxc3 43. g5 b4 44. Qh7 Bg7 45. Kg2 a5 46. f4 a4
47. f5 b3 48. axb3 axb3 49. f6 Bxf6 50. Qb7 Rcd6 51. gxf6 Rxf6 52. Qxb3 Kg7 53.
Qb7+ Rf7 54. Qb2+ Rf6 55. Bf5 d4 56. Qb7+ Kh6 57. Qh7+ Kg5 58. Bd3 Rdf8 59.
Qg7+ Kh4 60. Qh7+ Kg5 61. Kg1 Rf2 62. Qe7+ R2f6 63. Qg7+ Kh4 64. Be2 Kh3 65.
Qg5 1-0